| 000 | 00425pab a2200157 454500 | ||
|---|---|---|---|
| 008 | 180718b1997 xxu||||| |||| 00| 0 eng d | ||
| 100 | _aMaguire, Keith | ||
| 245 | _aPolicing the new South Africa: law, order and the dynamics of self-sustaining violence | ||
| 260 | _c1997 | ||
| 300 | _ap.11-18 | ||
| 362 | _aJan-Mar | ||
| 650 | _aPolice - Africa, South | ||
| 650 | _aPolice | ||
| 773 | _aPolice Journal | ||
| 909 | _a33336 | ||
| 999 |
_c33336 _d33336 |
||